000 00420cam a2200145ua 4500
041 _aeng
_h
082 _a332.041
_bNEV/CA
100 _aNevin, Edward .
245 _aCapital funds in undeveloped countries: Role of financial institutions /
_cEdward Nevin.
_hTextual Documents
260 _aLondon :
_bMacMillan and Company Limited ,
_c1963.
300 _a111 ; .
504 _a
942 _cBK
999 _c12794
_d12794